| 000 | 00379nam a2200157Ia 4500 | ||
|---|---|---|---|
| 008 | 230917s9999||||xx |||||||||||||| ||und|| | ||
| 040 |
_e104284 _aMAIN |
||
| 041 | _aEnglish | ||
| 082 | _a333.913 P932I | ||
| 100 | _aPrice, Michael | ||
| 245 | 0 | _aIntroducing groundwater | |
| 250 | _a2nd ed. | ||
| 260 |
_aLondon _bChapman & Hall _c1996 |
||
| 300 | _axv,278p p. | ||
| 942 | _cBK | ||
| 999 |
_c122097 _d122097 |
||